"Blue Jeans" - All Lyrics (Lana Del Rey) - Statistics

General Stats
  • This quiz has been taken 41 times
  • The average score is 317 of 402
Answer Stats
Lyrics % Correct
Blue
100%
jeans,
100%
shirt
100%
white
100%
I
96%
you
96%
You
96%
a
93%
Dean
93%
eyes
93%
for
93%
in
93%
James
93%
know
93%
like
93%
like,
93%
made
93%
my
93%
sure
93%
that
93%
the
93%
Walked
93%
walked
93%
was
93%
burn
89%
can
89%
It
89%
it
89%
love
89%
Love
89%
me
89%
on
89%
remember
89%
your
89%
You're
89%
you're
89%
be
85%
end
85%
he
85%
mine
85%
of
85%
so
85%
til
85%
time
85%
to
85%
we
85%
We
85%
will
85%
you'll
85%
and
81%
And
81%
and,
81%
ca-cancer
81%
fresh
81%
into
81%
make
81%
room,
81%
than
81%
Then
81%
up
81%
wait
81%
years
81%
baby
78%
Baby,
78%
baby)
78%
baby,
78%
hurts
78%
million
78%
more
78%
more,
78%
(oh
78%
oh)
78%
oh
78%
(oh,
78%
Promise
78%
Say
78%
better
74%
But
74%
day
74%
December,
74%
favorite
74%
here,
74%
is
74%
"No,
74%
no
74%
out
74%
please,
74%
Said
74%
said
74%
stay
74%
still
74%
sweater
74%
tears?
74%
as
70%
death
70%
had
70%
life
70%
met
70%
Monday
70%
sick
70%
Sunday,
70%
through
70%
all
67%
before
67%
before,
67%
bitches
67%
Cause
67%
die
67%
don't
67%
every
67%
grew
67%
heard
67%
last
67%
mean
67%
need
67%
night,
67%
night
67%
stayed
67%
those
67%
were
67%
when
67%
would
67%
alright
63%
by
63%
fit
63%
gangster
63%
I'd
63%
I'm
63%
leave
63%
money,
63%
or
63%
see
63%
that's
63%
told
63%
Told
63%
waiting,
63%
work"
63%
Big
59%
could
59%
door,
59%
dreams,
59%
headed
59%
hop
59%
just
59%
matter
59%
over
59%
punk
59%
ride
59%
rock,
59%
side
59%
went
59%
what
59%
anticipating,
56%
at
56%
did
56%
he'd
56%
hip
56%
chasing
52%
dancing
52%
died
52%
game,
52%
not
52%
piece
52%
sorta
52%
start
52%
want
52%
Caught
48%
come
48%
they
48%
took
48%
wanted
48%
away,
44%
fly
44%
mind
44%
Ooh,
44%
pacing,
44%
shit,
44%
stole
44%
whether
44%
least
41%
paper
41%
tried
41%
fail
37%
Well,
37%
home
33%
No matching quizzes found
Score Distribution
Percent of People with Each Score
Percentile by Number Answered
Your Score History
You have not taken this quiz